000
00257nam a2200109Ia 4500
008
190216s9999||||xx |||||||||||||| ||und||
100
_a
Oganesion E T
245
0
_a
Chemistry A Refresher Course
260
_b
Mir Publishers
650
_a
Chemistry
942
_c
BK
999
_c
2759
_d
2759